000 00477nam a2200181Ia 4500
001 16577
005 20260306170319.0
008 260306t2009||||xx |||||||||||||| ||und||
041 _aESP
082 _a348.7
_bT77
100 _aTomaya Miyagusuku, Jorge
_eAUT
245 0 _aLos convenios colectivos en el Perú:
_b¿cómo están negociando hoy las empresas y sindicatos?
260 _c2009
300 _a
_c
650 _aGEN
654 _aCDE
942 _cLIB
_dJUS
_fJUS
_2ddc
_n
999 _c16577
_d16577